01594nab a22002657a 4500999001500000003000400015005001700019008004100036040000700077100003300084245016100117260007300278300001500351500003700366505049800403505008100901650002300982650003401005650003201039650003401071650002601105650002901131773015501160942001301315 c6505d6505OSt20260213123320.0190429b xxu||||| |||| 00| 0 spa d cPJ 97114aPino, Gabriela Belén13aLa inteligencia artificial como herramienta de medición del riesgo. Una posible solución al abordaje de cuestiones de género /cGabriela Belén Pino. cCiudad Autónoma de Buenos Aires :aThomson Reuters La Ley, b2024. ap. 165-178 aCita: TR LALEY AR/DOC/1088/2024. aSumario: I. La cruda realidad.— II. La esencia de la Acordada 3964 de la Suprema Corte de Justicia de la Provincia de Buenos Aires.— III. Protocolo de actuación en Argentina.— IV. La falta de información del Ministerio Público Fiscal.— V. La medición del riesgo.— VI. A modo de inspiración: el Protocolo de actuación en España.— VII. Posibles innovaciones para un abordaje de calidad.— VIII. Sistema español Vio- Gén.— IX. Conclusiones.— X. Bibliografía.  tSi te interesa el texto completo, solicitalo a koha@justierradelfuego.gov.ar 09343aDERECHO PENAL 095817aINTELIGENCIA ARTIFICIAL 093053aVIOLENCIA DE GÉNERO 094044aPERSPECTIVA DE GÉNERO 0aVIOLENCIA PSICOLOGICA 09273aDERECHO INFORMATICO0 0265893164tRevista de derecho penal y criminología. Nº 7 - Junio 2024dCiudad Autónoma de Buenos Aires : Thomson Reuters La Ley, 2017-x00347914 2udccANA